000 00946cam a2200301u 4500
001 4360
003 FISKH
005 20250815120940.0
008 820318s1958 nyua j 000 0 eng
010 _a 58007754
020 _a9780064440028
040 _aDLC
_cCarP
_dDLC
_beng
050 _aPZ7.H672
082 _a813.52
100 1 _aHoff, Syd,
_d1912-2004.
245 1 0 _aDanny and the dinosaur /
_cStory and Pictures by Syd Hoff
250 _aThis edition published in 1986
260 _aNew York :
_bHarper Collins,
_c1958
300 _a64 pages :
_bcolor illustrations ;
_c23 cm
505 _aG
520 _aA little boy is surprised and pleased when one of the dinosaurs from the museum agrees to play with him.
521 8 _a400
_bLexile
521 8 _aG
_bRaz-Plus
650 _aDinosaurs
_vFantasy
_xFriendship
906 _a0
_bcbc
_cpremunv
_du
_encip
_f19
_gy-gencatlg
942 _2ddc
_cBK
_n0
999 _c4360
_d4360